|
|
|
|
| LEADER |
00000nam0a2200000 4500 |
| 001 |
86805 |
| 005 |
20231101213513.0 |
| 035 |
|
|
|a (RuTPU)RU\TPU\book\93205
|
| 090 |
|
|
|a 86805
|
| 100 |
|
|
|a 20051129d1964 km y0rusy50 ca
|
| 101 |
1 |
|
|a rus
|c eng
|
| 102 |
|
|
|a RU
|
| 105 |
|
|
|a a z 001zy
|
| 200 |
1 |
|
|a Введение в химию переходных металлов: теория поля лигандов
|e пер. с англ.
|f Л. Оргел
|g под ред. М. Е. Дяткиной ; под ред. Ю. А. Кругляка
|
| 210 |
|
|
|a Москва
|c Мир
|d 1964
|
| 215 |
|
|
|a 210 с.
|c черт.
|
| 320 |
|
|
|a Библиогр. в конце глав
|
| 606 |
1 |
|
|a Металлы переходные
|x Химия
|2 stltpush
|3 (RuTPU)RU\TPU\subj\75062
|9 86943
|
| 610 |
1 |
|
|a лиганды
|
| 610 |
1 |
|
|a орбиты
|
| 610 |
1 |
|
|a стереохимия
|
| 610 |
1 |
|
|a переходные металлы
|
| 610 |
1 |
|
|a углеводороды
|
| 675 |
|
|
|a 546.302
|v 3
|
| 700 |
|
1 |
|a Оргел
|b Л.
|
| 702 |
|
1 |
|a Дяткина
|b М. Е.
|4 340
|
| 702 |
|
1 |
|a Кругляк
|b Ю. А.
|4 340
|
| 801 |
|
1 |
|a RU
|b 63413507
|c 20051129
|g PSBO
|
| 801 |
|
2 |
|a RU
|b 63413507
|c 20220301
|g PSBO
|
| 942 |
|
|
|c BK
|